000 00234nam a2200097Ia 4500
008 240625s9999 xx 000 0 und d
041 _aeng
100 _aAULT MICHAEL
245 _aORACLE 8I ADMINISTRATION AND MANAGEMENT
260 _c2002
999 _c33116
_d33116